Southville International School and Colleges
Your cart is empty.
  • Cart
  • Lists
    Public lists Eva Luna New books Lux_list list_1
    Your lists Log in to create your own lists
  • Log in to your account
  • Your cookies
  • Search history
Southville International School and Colleges
  • Advanced search
  • Recent comments
  • Most popular
  • Libraries

Log in to your account

Log in with GOOGLE


If you do not have an external account, but do have a local account, you can still log in:

  1. Home
  2. MARC view: Responsible speech communication /
Normal view MARC view ISBD view

Responsible speech communication / (Record no. 283305)

[ view plain ]
MARC details
000 -LEADER
fixed length control field 00527nam a2200157Ia 4500
008 - FIXED-LENGTH DATA ELEMENTS--GENERAL INFORMATION
fixed length control field 150223s9999 xx 000 0 und d
020 ## - INTERNATIONAL STANDARD BOOK NUMBER
International Standard Book Number 9710868586
050 ## - LIBRARY OF CONGRESS CALL NUMBER
Classification number PN 4121
Item number .M385 2002
100 ## - MAIN ENTRY--PERSONAL NAME
Personal name Martinez, Norma D.
245 ## - TITLE STATEMENT
Title Responsible speech communication /
Statement of responsibility, etc Norma D. Martinez.
250 ## - EDITION STATEMENT
Edition statement Revised Ed.
260 ## - PUBLICATION, DISTRIBUTION, ETC. (IMPRINT)
Place of publication, distribution, etc Mandaluyong, Philippines :
Name of publisher, distributor, etc Cacho Hermanos Inc. ,
Date of publication, distribution, etc 2002
300 ## - PHYSICAL DESCRIPTION
Extent 200 pages :
Other physical details Illustration ;
Dimensions 21 cm.
504 ## - BIBLIOGRAPHY, ETC. NOTE
Bibliography, etc Includes appendices, glossary and Index.
650 ## - SUBJECT ADDED ENTRY--TOPICAL TERM
Topical term or geographic name as entry element Communication
General subdivision Speech

No items available.

Responsible speech communication /

APA

Martinez N. D., . (2002). Responsible speech communication. Mandaluyong, Philippines: Cacho Hermanos Inc.

Chicago

Martinez Norma D, . 2002. Responsible speech communication. Mandaluyong, Philippines: Cacho Hermanos Inc.

Harvard

Martinez N. D., . (2002). Responsible speech communication. Mandaluyong, Philippines: Cacho Hermanos Inc.

MLA

Martinez Norma D, . Responsible speech communication. Mandaluyong, Philippines: Cacho Hermanos Inc. 2002.

  • Print
  • Cite
  • Add to your cart (remove)
  • Save record
    BIBTEX Dublin Core MARCXML MARC (non-Unicode/MARC-8) MARC (Unicode/UTF-8) MARC (Unicode/UTF-8, Standard) MODS (XML) RIS
  • More searches
    Search for this title in:
    Other Libraries (WorldCat) Other Databases (Google Scholar) Online Stores (Bookfinder.com) Open Library (openlibrary.org)

Exporting to Dublin Core...

SOUTHVILLE LIBRARY

Southville International School and Colleges Library

1281 Tropical Ave. Cor. Luxembourg St., BF Homes International, Las Pinas City

Tel. No. 8256374 / 252358 Loc. 117/146

Powered by Koha